| 000 | 00462pab a2200157 454500 | ||
|---|---|---|---|
| 008 | 180718b2013 xxu||||| |||| 00| 0 eng d | ||
| 100 | _aFlint, Adrian | ||
| 245 | _aIntellectual property rights and the potential for universal access to treatment: TRIPS, ACTA and HIV/AIDS medicines | ||
| 260 | _c2013 | ||
| 300 | _ap.500-515. | ||
| 650 | _aIntellectual property | ||
| 700 | _aPayne, Jill | ||
| 773 | _aThird World Quarterly | ||
| 908 | _aN | ||
| 909 | _a99634 | ||
| 999 |
_c99633 _d99633 |
||